| 000 | 00787nam a2200229Ia 4500 | ||
|---|---|---|---|
| 008 | 130821s1976 ag a gr spa | ||
| 040 |
_aCo-BoUCM _bspa |
||
| 041 | _aspa | ||
| 100 | 1 |
_aMeade, James Edward _d1907- _9109629 |
|
| 245 | 1 | 3 |
_aEl balance de pagos _cJames Edward Meade |
| 260 |
_aBuenos Aires (Argentina) _bEL Ateneo _c1976 |
||
| 300 |
_ax, 374 páginas _bilustraciones, gráficas |
||
| 490 | 0 |
_aBiblioteca de Ciencias Económicas. _aEconomía |
|
| 500 | _aEl ejemplar No. 2 es Donación Dr. Álvaro Daza Roa. | ||
| 500 | _aIncluye índice. | ||
| 650 | 0 | 4 |
_aBalanza de pagos _99904 |
| 650 | 0 | 4 |
_aEconomía política _913709 |
| 650 | 0 | 4 |
_aEconomía _9174 |
| 650 | 0 | 4 |
_aMicroeconomía _919488 |
| 942 |
_cLIBRO _a7 _e1 _mM481b _2DEWEY _h330 |
||
| 999 |
_c4945 _d4945 |
||